000 00711nam a2200229 a 4500
001 000048646
003 DO-SdBNP
005 20240305132132.0
008 190404s 2015 dr 000 spa d
020 _a9789945084030
040 _aDO-SdBNP
_bspa
_cBNPHU
082 4 _bM491f
100 1 _aMedina, Oquendo,
_d1955-
_914493
245 1 0 _aFunción pública y clase política /
_cOquendo Medina.
260 _aSanto Domingo :
_bs.n.,
_c2015.
300 _a179 p. ;
_c23 cm.
500 _aIncluye referencia bibliográficas y notas al pie de las páginas
500 _aIncluye datos biográficos del autor en la solapa de la cubierta
590 _aInventariado, 2019/VM
910 _aVmateo
942 _2ddc
_cLBS1
999 _c48134
_d48134